<?xml version="1.0" encoding="UTF-8"?>
<collection xmlns="http://www.loc.gov/MARC21/slim">
 <record>
  <leader>07004nam a22005895i 4500</leader>
  <controlfield tag="001">978-3-642-37207-0</controlfield>
  <controlfield tag="003">DE-He213</controlfield>
  <controlfield tag="005">20210624185724.0</controlfield>
  <controlfield tag="007">cr nn 008mamaa</controlfield>
  <controlfield tag="008">130305s2013    gw |    s    |||| 0|eng d</controlfield>
  <datafield tag="020" ind1=" " ind2=" ">
   <subfield code="a">9783642372070</subfield>
   <subfield code="9">978-3-642-37207-0</subfield>
  </datafield>
  <datafield tag="024" ind1="7" ind2=" ">
   <subfield code="a">10.1007/978-3-642-37207-0</subfield>
   <subfield code="2">doi</subfield>
  </datafield>
  <datafield tag="050" ind1=" " ind2="4">
   <subfield code="a">QA76.9.A43</subfield>
  </datafield>
  <datafield tag="072" ind1=" " ind2="7">
   <subfield code="a">UMB</subfield>
   <subfield code="2">bicssc</subfield>
  </datafield>
  <datafield tag="072" ind1=" " ind2="7">
   <subfield code="a">COM051300</subfield>
   <subfield code="2">bisacsh</subfield>
  </datafield>
  <datafield tag="072" ind1=" " ind2="7">
   <subfield code="a">UMB</subfield>
   <subfield code="2">thema</subfield>
  </datafield>
  <datafield tag="082" ind1="0" ind2="4">
   <subfield code="a">005.1</subfield>
   <subfield code="2">23</subfield>
  </datafield>
  <datafield tag="245" ind1="1" ind2="0">
   <subfield code="a">Genetic Programming</subfield>
   <subfield code="h">[electronic resource] :</subfield>
   <subfield code="b">16th European  Conference, EuroGP 2013, Vienna, Austria, April 3-5, 2013, Proceedings /</subfield>
   <subfield code="c">edited by Krzysztof Krawiec, Alberto Moraglio, Ting Hu, A. Sima Etaner-Uyar, Bin Hu.</subfield>
  </datafield>
  <datafield tag="250" ind1=" " ind2=" ">
   <subfield code="a">1st ed. 2013.</subfield>
  </datafield>
  <datafield tag="264" ind1=" " ind2="1">
   <subfield code="a">Berlin, Heidelberg :</subfield>
   <subfield code="b">Springer Berlin Heidelberg :</subfield>
   <subfield code="b">Imprint: Springer,</subfield>
   <subfield code="c">2013.</subfield>
  </datafield>
  <datafield tag="300" ind1=" " ind2=" ">
   <subfield code="a">XII, 277 p. 99 illus.</subfield>
   <subfield code="b">online resource.</subfield>
  </datafield>
  <datafield tag="336" ind1=" " ind2=" ">
   <subfield code="a">text</subfield>
   <subfield code="b">txt</subfield>
   <subfield code="2">rdacontent</subfield>
  </datafield>
  <datafield tag="337" ind1=" " ind2=" ">
   <subfield code="a">computer</subfield>
   <subfield code="b">c</subfield>
   <subfield code="2">rdamedia</subfield>
  </datafield>
  <datafield tag="338" ind1=" " ind2=" ">
   <subfield code="a">online resource</subfield>
   <subfield code="b">cr</subfield>
   <subfield code="2">rdacarrier</subfield>
  </datafield>
  <datafield tag="347" ind1=" " ind2=" ">
   <subfield code="a">text file</subfield>
   <subfield code="b">PDF</subfield>
   <subfield code="2">rda</subfield>
  </datafield>
  <datafield tag="490" ind1="1" ind2=" ">
   <subfield code="a">Theoretical Computer Science and General Issues ;</subfield>
   <subfield code="v">7831</subfield>
  </datafield>
  <datafield tag="505" ind1="0" ind2=" ">
   <subfield code="a">Adaptive Distance Metrics for Nearest Neighbour Classification Based on Genetic Programming.- Controlling Bloat through Parsimonious Elitist Replacement and Spatial Structure.- Generation of VNS Components with Grammatical Evolution for Vehicle Routing.- Understanding Expansion Order and Phenotypic Connectivity in πGE.- PhenoGP: Combining Programs to Avoid Code Disruption.- Reducing Wasted Evaluations in Cartesian Genetic Programming.- Balancing Learning and Overfitting in Genetic Programming with Interleaved Sampling of Training Data.- Automated Design of Probability Distributions as Mutation Operators for Evolutionary Programming Using Genetic Programming.- Robustness and Evolvability of Recombination in Linear Genetic Programming.- On the Evolvability of a Hybrid Ant Colony-Cartesian Genetic Programming Methodology.- Discovering Subgroups by Means of Genetic Programming.- Program Optimisation with Dependency Injection.- Searching for Novel Classifiers.- Learning Reusable Initial Solutions for Multi-objective Order Acceptance and Scheduling Problems with Genetic Programming.- Automated Problem Decomposition for the Boolean Domain with Genetic Programming.- A Multi-objective Optimization Energy Approach to Predict the Ligand Conformation in a Docking Process.- Semantic Bias in Program Coevolution.- A New Implementation of Geometric Semantic GP and Its Application to Problems in Pharmacokinetics -- A Grammar-Guided Genetic Programming Algorithm for Multi-Label Classification.- Global Top-Scoring Pair Decision Tree for Gene Expression Data Analysis.- Asynchronous Evaluation Based Genetic Programming: Comparison of Asynchronous and Synchronous Evaluation and Its Analysis.- How Early and with How Little Data? Using Genetic Programming to Evolve Endurance Classifiers for MLC NAND Flash Memory.- Examining the Diversity Property of Semantic Similarity Based Crossover. Controlling Bloat through Parsimonious Elitist Replacement and Spatial Structure.- Generation of VNS Components with Grammatical Evolution for Vehicle Routing.- Understanding Expansion Order and Phenotypic Connectivity in πGE.- PhenoGP: Combining Programs to Avoid Code Disruption.- Reducing Wasted Evaluations in Cartesian Genetic Programming.- Balancing Learning and Overfitting in Genetic Programming with Interleaved Sampling of Training Data.- Automated Design of Probability Distributions as Mutation Operators for Evolutionary Programming Using Genetic Programming.- Robustness and Evolvability of Recombination in Linear Genetic Programming.- On the Evolvability of a Hybrid Ant Colony-Cartesian Genetic Programming Methodology.- Discovering Subgroups by Means of Genetic Programming.- Program Optimisation with Dependency Injection.- Searching for Novel Classifiers.- Learning Reusable Initial Solutions for Multi-objective Order Acceptance and Scheduling Problems with Genetic Programming.- Automated Problem Decomposition for the Boolean Domain with Genetic Programming.- A Multi-objective Optimization Energy Approach to Predict the Ligand Conformation in a Docking Process.- Semantic Bias in Program Coevolution.- A New Implementation of Geometric Semantic GP and Its Application to Problems in Pharmacokinetics -- A Grammar-Guided Genetic Programming Algorithm for Multi-Label Classification.- Global Top-Scoring Pair Decision Tree for Gene Expression Data Analysis.- Asynchronous Evaluation Based Genetic Programming: Comparison of Asynchronous and Synchronous Evaluation and Its Analysis.- How Early and with How Little Data? Using Genetic Programming to Evolve Endurance Classifiers for MLC NAND Flash Memory.- Examining the Diversity Property of Semantic Similarity Based Crossover.</subfield>
  </datafield>
  <datafield tag="520" ind1=" " ind2=" ">
   <subfield code="a">This book constitutes the refereed proceedings of the 16th European Conference on Genetic Programming, EuroGP 2013, held in Vienna, Austria, in April 2013 co-located with the Evo* 2013 events, EvoMUSART, EvoCOP, EvoBIO, and EvoApplications. The 18 revised full papers presented together with 5 poster papers were carefully reviewed and selected from 47 submissions. The wide range of topics in this volume reflects the current state of research in the field, including different genres of GP (tree-based, linear, grammar-based, Cartesian), theory, novel operators, and applications.</subfield>
  </datafield>
  <datafield tag="650" ind1=" " ind2="0">
   <subfield code="a">Algorithms.</subfield>
  </datafield>
  <datafield tag="650" ind1=" " ind2="0">
   <subfield code="a">Computers.</subfield>
  </datafield>
  <datafield tag="650" ind1=" " ind2="0">
   <subfield code="a">Artificial intelligence.</subfield>
  </datafield>
  <datafield tag="650" ind1=" " ind2="0">
   <subfield code="a">Application software.</subfield>
  </datafield>
  <datafield tag="650" ind1="1" ind2="4">
   <subfield code="a">Algorithm Analysis and Problem Complexity.</subfield>
   <subfield code="0">https://scigraph.springernature.com/ontologies/product-market-codes/I16021</subfield>
  </datafield>
  <datafield tag="650" ind1="2" ind2="4">
   <subfield code="a">Computation by Abstract Devices.</subfield>
   <subfield code="0">https://scigraph.springernature.com/ontologies/product-market-codes/I16013</subfield>
  </datafield>
  <datafield tag="650" ind1="2" ind2="4">
   <subfield code="a">Artificial Intelligence.</subfield>
   <subfield code="0">https://scigraph.springernature.com/ontologies/product-market-codes/I21000</subfield>
  </datafield>
  <datafield tag="650" ind1="2" ind2="4">
   <subfield code="a">Computer Applications.</subfield>
   <subfield code="0">https://scigraph.springernature.com/ontologies/product-market-codes/I23001</subfield>
  </datafield>
  <datafield tag="700" ind1="1" ind2=" ">
   <subfield code="a">Krawiec, Krzysztof.</subfield>
   <subfield code="e">editor.</subfield>
   <subfield code="4">edt</subfield>
   <subfield code="4">http://id.loc.gov/vocabulary/relators/edt</subfield>
  </datafield>
  <datafield tag="700" ind1="1" ind2=" ">
   <subfield code="a">Moraglio, Alberto.</subfield>
   <subfield code="e">editor.</subfield>
   <subfield code="4">edt</subfield>
   <subfield code="4">http://id.loc.gov/vocabulary/relators/edt</subfield>
  </datafield>
  <datafield tag="700" ind1="1" ind2=" ">
   <subfield code="a">Hu, Ting.</subfield>
   <subfield code="e">editor.</subfield>
   <subfield code="4">edt</subfield>
   <subfield code="4">http://id.loc.gov/vocabulary/relators/edt</subfield>
  </datafield>
  <datafield tag="700" ind1="1" ind2=" ">
   <subfield code="a">Etaner-Uyar, A. Sima.</subfield>
   <subfield code="e">editor.</subfield>
   <subfield code="4">edt</subfield>
   <subfield code="4">http://id.loc.gov/vocabulary/relators/edt</subfield>
  </datafield>
  <datafield tag="700" ind1="1" ind2=" ">
   <subfield code="a">Hu, Bin.</subfield>
   <subfield code="e">editor.</subfield>
   <subfield code="4">edt</subfield>
   <subfield code="4">http://id.loc.gov/vocabulary/relators/edt</subfield>
  </datafield>
  <datafield tag="710" ind1="2" ind2=" ">
   <subfield code="a">SpringerLink (Online service)</subfield>
  </datafield>
  <datafield tag="773" ind1="0" ind2=" ">
   <subfield code="t">Springer Nature eBook</subfield>
  </datafield>
  <datafield tag="776" ind1="0" ind2="8">
   <subfield code="i">Printed edition:</subfield>
   <subfield code="z">9783642372087</subfield>
  </datafield>
  <datafield tag="776" ind1="0" ind2="8">
   <subfield code="i">Printed edition:</subfield>
   <subfield code="z">9783642372063</subfield>
  </datafield>
  <datafield tag="830" ind1=" " ind2="0">
   <subfield code="a">Theoretical Computer Science and General Issues ;</subfield>
   <subfield code="v">7831</subfield>
  </datafield>
  <datafield tag="856" ind1="4" ind2="0">
   <subfield code="u">https://doi.org/10.1007/978-3-642-37207-0</subfield>
  </datafield>
  <datafield tag="912" ind1=" " ind2=" ">
   <subfield code="a">ZDB-2-SCS</subfield>
  </datafield>
  <datafield tag="912" ind1=" " ind2=" ">
   <subfield code="a">ZDB-2-SXCS</subfield>
  </datafield>
  <datafield tag="912" ind1=" " ind2=" ">
   <subfield code="a">ZDB-2-LNC</subfield>
  </datafield>
  <datafield tag="950" ind1=" " ind2=" ">
   <subfield code="a">Computer Science (SpringerNature-11645)</subfield>
  </datafield>
  <datafield tag="950" ind1=" " ind2=" ">
   <subfield code="a">Computer Science (R0) (SpringerNature-43710)</subfield>
  </datafield>
 </record>
</collection>
